000 00296nam a2200133Ia 4500
100 _aHigdon/A/Stiles/W.B
942 _cBK
654 _aMechanics
245 _aEngineering Mechanics
260 _bPrentice Hall of India
_aNewDelhi
_c1975
082 _a620.1
300 _a742
546 _aENGLISH
999 _c19010
_d19010